| 000 | 00344nam a2200133Ia 4500 | ||
|---|---|---|---|
| 008 | 210210b1987 xxu||||| |||| 00| 0 eng d | ||
| 082 | _a320.5 MAHM | ||
| 100 | _aMAHAJAN (Vidya Dhar). | ||
| 245 | _aModern Indian political thought. | ||
| 260 |
_aND _bS. Chand & Co. Ltd. _c1987 |
||
| 300 | _a584 | ||
| 690 | _aPolitical Thought | ||
| 906 | _a043230 | ||
| 999 |
_c92800 _d92800 |
||